zgadnij miasto w polsce po slowach - Statystyki

Ogólne statystyki
  • Ten quiz został rozwiązany 32 razy
  • Średni wynik to 9 z 10
Statystyki odpowiedzi
Hint Odpowiedź % Poprawnych
góry, snieg Zakopane
96%
jasna góra Częstochowa
92%
wisła, morze Gdańsk
92%
spodek, silesia Katowice
92%
wawel, wisła Kraków
92%
koziołki,rogale świętomarcińskie Poznań
92%
pałac kultury Warszawa
92%
krasnale, Odra Wrocław
88%
półwysep, foki Hel
85%
molo, krzywy domek Sopot
85%
Nie znaleziono quizów pasujących do podanych kryteriów
Rozkład punktacji
Procent ludzi z każdym wynikiem
Percentyl według liczby udzielonych odpowiedzi
Twoja historia wyników
Nie rozwiązałeś tego quizu